| 000 | 00645nac a22002051u 4500 | ||
|---|---|---|---|
| 010 | _a90047162 | ||
| 020 | _a818975775* : | ||
| 082 | 0 | 0 |
_a621.3815 _bGUP |
| 090 |
_c8491 _d8491 |
||
| 100 | _aGupta, J. B. | ||
| 245 | 1 | 0 |
_aAnalog integrated circuits : _cJ. B. Gupta _b( For Engineering Students ) / |
| 250 | _a4th ed. | ||
| 260 |
_aNew Delhi : _bS. K. Kataria & Sons,2007. _cc2007. |
||
| 300 |
_a369 p. : _bill. ; _c24 cm. |
||
| 500 | _aIncludes index. | ||
| 500 | _aDistributer: Al-Ahram | ||
| 511 | _aCatalogued by: Sara | ||
| 650 | 0 | _aLinear integrated circuits. | |
| 942 |
_cBB _k621.3815GUP |
||
| 999 |
_c8491 _d8491 |
||